The Jesuit relations : (Record no. 124827)
[ view plain ]
| 000 -LEADER | |
|---|---|
| fixed length control field | 01438cam a2200373 a 4500 |
| 001 - CONTROL NUMBER | |
| control field | 4522618 |
| 003 - CONTROL NUMBER IDENTIFIER | |
| control field | ARRUPE |
| 005 - DATE AND TIME OF LATEST TRANSACTION | |
| control field | 20160803092716.0 |
| 008 - FIXED-LENGTH DATA ELEMENTS--GENERAL INFORMATION | |
| fixed length control field | 001128s2000 mauab b 001 0 eng c |
| 010 ## - LIBRARY OF CONGRESS CONTROL NUMBER | |
| LC control number | 9962389 |
| 020 ## - INTERNATIONAL STANDARD BOOK NUMBER | |
| International Standard Book Number | 0312227442 |
| 020 ## - INTERNATIONAL STANDARD BOOK NUMBER | |
| International Standard Book Number | 0312167075 (pbk.) |
| 035 ## - SYSTEM CONTROL NUMBER | |
| System control number | (OCoLC)43562616 |
| 035 ## - SYSTEM CONTROL NUMBER | |
| System control number | (OCoLC)ocm43562616 |
| 035 ## - SYSTEM CONTROL NUMBER | |
| System control number | (NNC)4522618 |
| 040 ## - CATALOGING SOURCE | |
| Original cataloging agency | ONU |
| Transcribing agency | ONU |
| Modifying agency | UMC |
| -- | NNUT |
| 042 ## - AUTHENTICATION CODE | |
| Authentication code | pcc |
| 043 ## - GEOGRAPHIC AREA CODE | |
| Geographic area code | n------ |
| 050 #4 - LIBRARY OF CONGRESS CALL NUMBER | |
| Classification number | F1030.7 |
| Item number | .J47 2000 |
| 090 ## - LOCALLY ASSIGNED LC-TYPE CALL NUMBER (OCLC); LOCAL CALL NUMBER (OCLC) | |
| Classification number (OCLC) (R) ; Classification number, CALL (RLIN) (NR) | F1030.7 |
| Local cutter number (OCLC) ; Book number/undivided call number, CALL (RLIN) | .J47 2000 |
| 300 ## - PHYSICAL DESCRIPTION | |
| Other physical details | ill., maps ; |
| Dimensions | 21 cm. |
| 245 04 - TITLE STATEMENT | |
| Title | The Jesuit relations : |
| Remainder of title | natives and missionaries in seventeenth-century North America / |
| Statement of responsibility, etc | edited with an introduction by Allan Greer |
| 260 ## - PUBLICATION, DISTRIBUTION, ETC. (IMPRINT) | |
| Place of publication, distribution, etc | Boston : |
| Name of publisher, distributor, etc | Bedford/St. Martin's, |
| Date of publication, distribution, etc | c2000 |
| 300 ## - PHYSICAL DESCRIPTION | |
| Extent | xiii, 226 p. : |
| 490 1# - SERIES STATEMENT | |
| Series statement | The Bedford series in history and culture |
| 500 ## - GENERAL NOTE | |
| General note | Selections (with language updated) from the English-language sections of the seventy-three-volume compilation, The Jesuit relations and allied documents, published under the editorship of Reuben Gold Thwaites. |
| 504 ## - BIBLIOGRAPHY, ETC. NOTE | |
| Bibliography, etc | Includes bibliographical references (p. 215-217) and index |
| 650 #0 - SUBJECT ADDED ENTRY--TOPICAL TERM | |
| Topical term or geographic name as entry element | Jesuit relations |
| 9 (RLIN) | 24537 |
| 650 #0 - SUBJECT ADDED ENTRY--TOPICAL TERM | |
| Topical term or geographic name as entry element | Jesuits |
| General subdivision | Missions |
| Geographic subdivision | North America |
| 9 (RLIN) | 24538 |
| 700 1# - ADDED ENTRY--PERSONAL NAME | |
| Personal name | Greer, Allan. |
| 9 (RLIN) | 24539 |
| 740 0# - ADDED ENTRY--UNCONTROLLED RELATED/ANALYTICAL TITLE | |
| Uncontrolled related/analytical title | Jesuit relations and allied documents. Selections. |
| 830 #0 - SERIES ADDED ENTRY--UNIFORM TITLE | |
| Uniform title | Bedford series in history and culture. |
| 9 (RLIN) | 24025 |
| 942 ## - ADDED ENTRY ELEMENTS (KOHA) | |
| Source of classification or shelving scheme | Library of Congress Classification |
| Koha item type | Monograph ( Printed materials) |
| Withdrawn status | Lost status | Source of classification or shelving scheme | Damaged status | Not for loan | Collection code | Home library | Current library | Shelving location | Date acquired | Total Checkouts | Full call number | Barcode | Date last seen | Price effective from | Koha item type |
|---|---|---|---|---|---|---|---|---|---|---|---|---|---|---|---|
| Library of Congress Classification | Main Collection | ARRUPE LIBRARY | ARRUPE LIBRARY | Main Collection | 03/08/2016 | F1030.8 .G816 2000 | 46500009288 | 04/04/2018 | 03/08/2016 | Monograph ( Printed materials) |